000 00292nam a2200109Ia 4500
008 230907s9999||||xx |||||||||||||| ||und||
082 _a363.73874
_bRUS
100 _aRuser, Alexander.
_9115758
245 0 _aClimate politics and the impact of think tanks :
300 _apages cm
942 _cBK
999 _c599327
_d599327